01265nam a2200325Ia 4500001001200000003000800012006001900020007001500039008004100054010001700095020001800112020004300130040002100173035002100194050002600215082001800241100002300259245008200282260004900364300001400413504006400427533015200491650004500643650003200688650003000720655002900750710001700779856012600796999001700922ebr10686951CaPaEBRm u cr cn|||||||||121205t20132013mau sb 001 0 eng d z 2012036420 z9780262313919 z9780262018869 (hardcover : alk. paper) aCaPaEBRcCaPaEBR a(OCoLC)83686419414aQP360.5b.M535 2013eb04a612.8/2332231 aMilkowski, Marcin.10aExplaining the computational mindh[electronic resource] /cMarcin Milkowski. aCambrid, Massachusetts :bMIT Press,cc2013. ax, 243 p. aIncludes bibliographical references (p. 209-232) and index. aElectronic reproduction.bPalo Alto, Calif. :cebrary,d2013.nAvailable via World Wide Web.nAccess may be limited to ebrary affiliated libraries. 0aCognitive neurosciencexData processing. 0aComputational neuroscience. 0aComputational complexity. 7aElectronic books.2local2 aebrary, Inc.40uhttp://site.ebrary.com/lib/rucke/Doc?id=10686951zAn electronic book accessible through the World Wide Web; click to view c12549d12549